[Event "TUR Cup										"]
[Site "Antalya"]
[Date "2018.01.31"]
[Round "7"]
[White "Sarginalp, Tuna"]
[Black "Ozata, Doruk"]
[Result "1/2-1/2"]
[WhiteElo "1828"]
[BlackElo "1420"]
[PlyCount "20"]
[EventDate "2018.01.27"]
[EventType "swiss"]
[EventRounds "11"]
[EventCountry "TUR"]
[SourceTitle "CBM 182 Extra"]
[Source "ChessBase"]
[SourceDate "2018.02.23"]
[SourceVersion "1"]
[SourceVersionDate "2018.02.23"]
[SourceQuality "1"]

1. d4 Nf6 2. Nf3 e6 3. g3 d5 4. Bg2 Be7 5. 0-0 0-0 6. Nbd2 b6 7. e3 Bb7 8. Qe2 c5 9. c3 Nbd7 10. b3 Rc8 1/2-1/2

[Event "TUR Cup										"]
[Site "Antalya"]
[Date "2018.01.29"]
[Round "4"]
[White "Ozcan, Kaan"]
[Black "Sarginalp, Tuna"]
[Result "0-1"]
[WhiteElo "1587"]
[BlackElo "1828"]
[PlyCount "100"]
[EventDate "2018.01.27"]
[EventType "swiss"]
[EventRounds "11"]
[EventCountry "TUR"]
[SourceTitle "CBM 182 Extra"]
[Source "ChessBase"]
[SourceDate "2018.02.23"]
[SourceVersion "1"]
[SourceVersionDate "2018.02.23"]
[SourceQuality "1"]

1. d4 Nf6 2. Nf3 e6 3. Bg5 d5 4. e3 Be7 5. Nbd2 0-0 6. Bd3 b6 7. 0-0 Bb7 8. Qe2 c5 9. c3 Ne4 10. Bxe7 Qxe7 11. dxc5 Nxc5 12. e4 Nxd3 13. Qxd3 dxe4 14. Nxe4 Rd8 15. Qe3 Nd7 16. Rad1 Nf8 17. Ne5 f6 18. Nf3 e5 19. Ng3 Qe6 20. b3 Ng6 21. Rfe1 Qg4 22. Nd2 Nf4 23. f3 Qd7 24. Ndf1 Qxd1 25. Rxd1 Rxd1 26. Ne4 Rad8 27. Nf2 Ra1 28. g3 Nh3+ 29. Nxh3 Rdd1 30. Qe2 Rxf1+ 31. Qxf1 Rxf1+ 32. Kxf1 Bxf3 33. Kf2 Bc6 34. Ke3 Kf7 35. Nf2 Ke6 36. Nd3 f5 37. Nb4 Bb7 38. Nd3 g5 39. Nf2 h5 40. h4 f4+ 41. gxf4 exf4+ 42. Ke2 g4 43. Nd3 Kf5 44. Kf2 Be4 45. Nc1 g3+ 46. Kg1 f3 47. b4 Kg4 48. Nb3 f2+ 49. Kf1 Bd3+ 50. Kg2 f1Q# 0-1

[Event "EU-ch U12 26th"]
[Site "Prague"]
[Date "2016.08.25"]
[Round "7"]
[White "Tsaruk, Maksim"]
[Black "Sarginalp, Tuna"]
[Result "1-0"]
[WhiteElo "2098"]
[BlackElo "1646"]
[PlyCount "89"]
[EventDate "2016.08.18"]
[EventType "swiss"]
[EventRounds "9"]
[EventCountry "CZE"]
[SourceTitle "CBM 174 Extra"]
[Source "ChessBase"]
[SourceDate "2016.10.10"]
[SourceVersion "1"]
[SourceVersionDate "2016.10.10"]
[SourceQuality "1"]

1. e4 e5 2. Nf3 Nc6 3. Bb5 a6 4. Bxc6 dxc6 5. d4 exd4 6. Qxd4 Qxd4 7. Nxd4 Bd7 8. b3 0-0-0 9. Bb2 f6 10. Nd2 Ne7 11. 0-0-0 Ng6 12. g3 Bc5 13. c3 Ne5 14. Kc2 Rhe8 15. f4 Ng4 16. Rde1 Kb8 17. h3 Nh6 18. N2f3 Ba7 19. g4 c5 20. Nf5 Nxf5 21. exf5 Bc6 22. Rxe8 Rxe8 23. Re1 Rxe1 24. Nxe1 c4 25. bxc4 Be3 26. Bc1 Bxc1 27. Kxc1 Kc8 28. Kd2 Kd7 29. Ke3 Kd6 30. Kd4 b6 31. Nd3 Bg2 32. h4 Bh3 33. Nf2 Bf1 34. Ne4+ Kd7 35. c5 b5 36. a3 Bh3 37. Nf2 Bf1 38. Ne4 Bh3 39. Nf2 Bf1 40. Nd1 Be2 41. Ne3 h5 42. g5 c6 43. Ke4 Ke7 44. Nc2 a5 45. Nd4 1-0

[Event "EU-ch U12 26th"]
[Site "Prague"]
[Date "2016.08.22"]
[Round "5"]
[White "Petkov, Momchil"]
[Black "Sarginalp, Tuna"]
[Result "1-0"]
[WhiteElo "1997"]
[BlackElo "1646"]
[PlyCount "142"]
[EventDate "2016.08.18"]
[EventType "swiss"]
[EventRounds "9"]
[EventCountry "CZE"]
[SourceTitle "CBM 174 Extra"]
[Source "ChessBase"]
[SourceDate "2016.10.10"]
[SourceVersion "1"]
[SourceVersionDate "2016.10.10"]
[SourceQuality "1"]

1. e4 e5 2. Nf3 Nc6 3. Bc4 Bc5 4. c3 Nf6 5. d3 a6 6. 0-0 Ba7 7. Nbd2 d6 8. h3 Na5 9. Qe2 Nxc4 10. Nxc4 b5 11. Ne3 0-0 12. Bd2 Re8 13. Kh1 d5 14. exd5 Nxd5 15. Nxd5 Qxd5 16. c4 Qd6 17. Qe4 Rb8 18. Bc3 Bb7 19. Qe2 b4 20. Bd2 Rbd8 21. Rad1 a5 22. Be3 Bd4 23. b3 Qf6 24. Rfe1 Re6 25. Ng5 Qg6 26. f3 Ree8 27. Ne4 f5 28. Nf2 Qg3 29. Kg1 c5 30. Nh1 Qg5 31. Qf2 Bxe3 32. Qxe3 Qxe3+ 33. Rxe3 Kf7 34. Rde1 e4 35. fxe4 fxe4 36. dxe4 Rd2 37. Ng3 Rxa2 38. Rd3 a4 39. Nf5 Kg8 40. Rd7 Bc8 41. Ne7+ Kh8 42. Nxc8 Rxc8 43. bxa4 b3 44. e5 b2 45. e6 Ra1 46. Rdd1 Rxa4 47. e7 Raa8 48. Rb1 Re8 49. Rxb2 Kg8 50. Rb5 Rac8 51. Re5 Kf7 52. Rbxc5 Rxc5 53. Rxc5 Rxe7 54. Kf2 Ke6 55. Kf3 Kd6 56. Rd5+ Kc6 57. Rd2 Kc5 58. Rc2 Re5 59. Kf4 Re6 60. h4 Re1 61. g3 Re7 62. h5 Re1 63. g4 Re7 64. Kg5 Rf7 65. Kh4 Rf4 66. Ra2 Rf7 67. Rc2 Rf4 68. Re2 Rf7 69. Re4 Kb4 70. g5 g6 71. hxg6 hxg6 1-0

[Event "EU School-ch U11"]
[Site "Kallithea"]
[Date "2016.06.18"]
[Round "2"]
[White "Suleymanli, Aydin Elshan"]
[Black "Sarginalp, Tuna"]
[Result "1-0"]
[WhiteElo "2089"]
[BlackElo "1631"]
[PlyCount "67"]
[EventDate "2016.06.17"]
[EventType "swiss"]
[EventRounds "9"]
[EventCountry "GRE"]
[SourceTitle "EXT 2017"]
[Source "ChessBase"]
[SourceDate "2016.10.25"]
[SourceVersion "1"]
[SourceVersionDate "2016.10.25"]
[SourceQuality "1"]

1. d4 d5 2. c4 c6 3. Nf3 Nf6 4. e3 g6 5. Nc3 Bg7 6. Be2 0-0 7. 0-0 Nbd7 8. b3 Re8 9. Bb2 Nf8 10. Rc1 Bg4 11. h3 Bxf3 12. Bxf3 Ne6 13. Qd3 Ng5 14. Be2 Nge4 15. f3 Ng3 16. Rfe1 h5 17. Rcd1 e6 18. e4 h4 19. Bc1 Nfh5 20. Be3 f5 21. exd5 exd5 22. cxd5 cxd5 23. Qd2 Bf6 24. Bb5 Re6 25. Bh6 Qd6 26. Rxe6 Qxe6 27. Nxd5 Kh7 28. Nxf6+ Nxf6 29. Bg5 a6 30. Bc4 Nd5 31. Bxh4 Qe3+ 32. Qxe3 Nxe3 33. Re1 Nxc4 34. bxc4 1-0